| 000 | 00415ngm a22001577a 4500 | ||
|---|---|---|---|
| 005 | 20220617094439.0 | ||
| 008 | 160208b xxu||||| |||| 00| 0 spa d | ||
| 041 | _aspa | ||
| 082 | _a421 DVD | ||
| 100 |
_aZubak, Robert _954354 |
||
| 245 | _aInspiración, equilibrio, motivación y arte (Técnica Dental) | ||
| 300 | _a1 CD-ROM | ||
| 650 |
_aCARA PALATINA _954355 |
||
| 650 |
_aCARA OCLUSAL _954356 |
||
| 942 | _cDVD | ||
| 999 |
_c12062 _d12062 |
||